00716nam a2200205 a 4500001001000000003000900010005001700019007000300036008004100039040002500080082001500105245014700120260004000267300001900307590002700326910001400353942001300367952011300380999001700493000028926DO-SdBNP20220825122006.0ta110412s1907 dr 000 0 spa d aDO-SdBNPbspacBNPHU axxxbC766e00aConvenio entre la República Dominicana y la Morton Trust Company. :bmodificado según resolución del Congreso Nacional de mayo de 1907 / aSanto DomingofFlor de Ozamac1907. a9 p. ;c25 cm. aInventariado, 2022/ YL aYLockward 2ddccLF2 00102ddc51708DS-FRVaBNPHUbBNPHUcCTd2011-04-12iLF1oxxx C766ep28926-10r2020-06-25w2020-06-25yLF2 c28418d28418